[Event "Ideal Clave op"]
[Site "Barcelona"]
[Date "1997.10.11"]
[Round "3"]
[White "Girona Campi, Joan"]
[Black "Oliver Toribio, Joan"]
[Result "0-1"]
[WhiteElo "1740"]
[BlackElo "1830"]
[PlyCount "86"]
[EventDate "1997.09.??"]
[EventType "swiss"]
[EventRounds "9"]
[EventCountry "ESP"]
[SourceTitle "EXT 2003"]
[Source "ChessBase"]
[SourceDate "2002.11.25"]
[SourceVersion "1"]
[SourceVersionDate "2002.11.25"]
[SourceQuality "1"]

1. e4 e6 2. d4 d5 3. exd5 exd5 4. Nf3 Nc6 5. Be3 Nf6 6. Nbd2 Bf5 7. c4 Qd7 8. a3 Bg4 9. cxd5 Nxd5 10. Qc2 a6 11. Be2 Qe7 12. Qb3 Nxe3 13. Qxe3 Qxe3 14. fxe3 Bd6 15. Bc4 0-0 16. 0-0 Rae8 17. Rae1 h6 18. e4 Bf4 19. Nb3 Bxf3 20. Rxf3 Bd6 21. e5 b5 22. Be2 Be7 23. Rc3 Nb8 24. Rxc7 Bg5 25. Bf3 Rc8 26. Rxc8 Rxc8 27. Nc5 Rd8 28. d5 Re8 29. e6 fxe6 30. dxe6 Bf6 31. b4 Bb2 32. e7 Bf6 33. Bd5+ Kh7 34. Be4+ Kg8 35. Bg6 Rxe7 36. Ne4 Kf8 37. Rf1 Re6 38. Rd1 Ke7 39. Rc1 Bd4+ 40. Kf1 Rxg6 41. Rc7+ Nd7 42. Nc5 Bxc5 43. bxc5 Kd8 0-1